| 000 | 00544nam a2200181 a 4500 | ||
|---|---|---|---|
| 001 | 000037669 | ||
| 005 | 20201002031111.0 | ||
| 008 | 121024s1986 mx 000 0 spa d | ||
| 040 |
_aDO-SdBNP _bspa _cBNPHU |
||
| 082 |
_a833.9 _bH587l |
||
| 100 | 1 |
_aHesse, Hermann _d1877-1962 _93301 |
|
| 245 | 1 | 3 |
_aEl lobo estepario : _bsolo para locos / _cHermann Hesse. |
| 260 |
_aMéxico : _bEdiciones Sol, _c1986. |
||
| 300 |
_a201 p. ; _c20 cm. |
||
| 586 | _aPremio Nobel | ||
| 650 | 4 |
_aNovela alemana _93302 |
|
| 650 | 4 |
_aLiteratura alemana _ySIGLO XX _912939 |
|
| 999 |
_c37159 _d37159 |
||